ARRUPE JESUIT UNIVERSITY

CORONAVIRUS -STOP THE SPREAD - CLEAN,DISINFECT,COVER

Sartre, Jean - Paul (Record no. 5095)

MARC details
000 -LEADER
fixed length control field 00553nam a2200229Ia 4500
003 - CONTROL NUMBER IDENTIFIER
control field 0100
008 - FIXED-LENGTH DATA ELEMENTS--GENERAL INFORMATION
fixed length control field 130227s9999 xx 000 0 und d
040 ## - CATALOGING SOURCE
Transcribing agency ARRUPELIB
050 ## - LIBRARY OF CONGRESS CALL NUMBER
Classification number B2430.S34L335 2006
100 ## - MAIN ENTRY--PERSONAL NAME
Personal name Leak, Andrew
245 ## - TITLE STATEMENT
Title Sartre, Jean - Paul
260 ## - PUBLICATION, DISTRIBUTION, ETC. (IMPRINT)
Place of publication, distribution, etc London
260 ## - PUBLICATION, DISTRIBUTION, ETC. (IMPRINT)
Name of publisher, distributor, etc Reaktion Books Limited
260 ## - PUBLICATION, DISTRIBUTION, ETC. (IMPRINT)
-- 2006
300 ## - PHYSICAL DESCRIPTION
Extent 165p.
300 ## - PHYSICAL DESCRIPTION
Other physical details 21cm.
440 ## - SERIES STATEMENT/ADDED ENTRY--TITLE
Title Critical lives
650 ## - SUBJECT ADDED ENTRY--TOPICAL TERM
Topical term following geographic name as entry element Africa - Politics
650 ## - SUBJECT ADDED ENTRY--TOPICAL TERM
Location of event Leadership - Africa
650 ## - SUBJECT ADDED ENTRY--TOPICAL TERM
Active dates Philosophy, African - Congresses
942 ## - ADDED ENTRY ELEMENTS (KOHA)
Source of classification or shelving scheme Library of Congress Classification
Koha issues (borrowed), all copies 1
Holdings
Withdrawn status Lost status Source of classification or shelving scheme Damaged status Not for loan Collection code Home library Current library Shelving location Date acquired Total Checkouts Full call number Barcode Date last seen Date last borrowed Copy number Price effective from Koha item type
    Library of Congress Classification     Main Collection ARRUPE LIBRARY ARRUPE LIBRARY   27/02/2013 1 B2430.S34L335 2006 46406655 14/01/2014 14/01/2014 1 27/02/2013 Monograph ( Printed materials)

 

Arrupe Library. PO Box MP320 Mt Pleasant, Harare, Zimbabwe
263 242 745411|librarian@aju.ac.zw